Bình luận khoa học bộ luật hình sự : Phần các tội phạm

Đã lưu trong:
Bibliografiske detaljer
Hovedforfatter: Đinh, Văn Quế
Format: Bog
Sprog:Undetermined
Udgivet: Thành phố Hồ Chí Minh Nhà xuất bản Thành phố Hồ Chí Minh 2006
Fag:
Tags: Tilføj Tag
Ingen Tags, Vær først til at tagge denne postø!
Thư viện lưu trữ: Trung tâm Học liệu Trường Đại học Cần Thơ
LEADER 00662nam a2200205Ia 4500
001 CTU_95996
008 210402s9999 xx 000 0 und d
020 |c 37000 
082 |a 364 
082 |b Qu250/T.6 
100 |a Đinh, Văn Quế 
245 0 |a Bình luận khoa học bộ luật hình sự : 
245 0 |b Phần các tội phạm 
245 0 |c Đinh Văn Quế 
260 |a Thành phố Hồ Chí Minh 
260 |b Nhà xuất bản Thành phố Hồ Chí Minh 
260 |c 2006 
650 |a Criminology,Vietnam criminal law 
904 |i Nguyên 
980 |a Trung tâm Học liệu Trường Đại học Cần Thơ